| 000 | 00436 a2200157 4500 | ||
|---|---|---|---|
| 005 | 20250621094431.0 | ||
| 020 | _a0-471-40646-5 | ||
| 082 | _aTEA LM 620.103 MER | ||
| 100 | _aMERIAM, J. L. | ||
| 245 | _aEngineering Mechanics Volume 1 : Statics | ||
| 250 | _a5th Ed | ||
| 260 |
_aCanada, _bJohn Wiley & Sons Inc, _c2002. |
||
| 300 |
_axviii, 488p.: ill.; figure,table. _bIndex _c25cm |
||
| 700 | _aKRAIGE, L. G. | ||
| 942 |
_2ddc _cBKS |
||
| 999 |
_c3162 _d3162 |
||